Novels and stories / (Record no. 8634)
[ view plain ]
| 000 -LEADER | |
|---|---|
| fixed length control field | 01269nam a22004097a 4500 |
| 001 - CONTROL NUMBER | |
| control field | 8634 |
| 003 - CONTROL NUMBER IDENTIFIER | |
| control field | BD-DhEWU |
| 005 - DATE AND TIME OF LATEST TRANSACTION | |
| control field | 20181016203232.0 |
| 008 - FIXED-LENGTH DATA ELEMENTS--GENERAL INFORMATION | |
| fixed length control field | 181015s1995 nyu g b 000 1 eng d |
| 020 ## - INTERNATIONAL STANDARD BOOK NUMBER | |
| International Standard Book Number | 9780940450837 |
| International Standard Book Number | 0940450836 |
| 035 ## - SYSTEM CONTROL NUMBER | |
| System control number | (OCLC)777010415 |
| 040 ## - CATALOGING SOURCE | |
| Original cataloging agency | DLC |
| Transcribing agency | DLC |
| Modifying agency | BD-DhEWU |
| Language of cataloging | eng |
| 041 ## - LANGUAGE CODE | |
| Language code of text/sound track or separate title | eng |
| 082 00 - DEWEY DECIMAL CLASSIFICATION NUMBER | |
| Classification number | 813.52 |
| Item number | HUN 1995 |
| 100 1# - MAIN ENTRY--PERSONAL NAME | |
| Personal name | Hurston, Zora Neale. |
| 9 (RLIN) | 23091 |
| 245 10 - TITLE STATEMENT | |
| Title | Novels and stories / |
| Statement of responsibility, etc | by Zora Neale Hurston. |
| 260 ## - PUBLICATION, DISTRIBUTION, ETC. (IMPRINT) | |
| Place of publication, distribution, etc | New York : |
| Name of publisher, distributor, etc | Library of America, |
| Date of publication, distribution, etc | c1995. |
| 300 ## - PHYSICAL DESCRIPTION | |
| Extent | 1041 p. ; |
| Dimensions | 21 cm. |
| 490 #0 - SERIES STATEMENT | |
| Series statement | Library of America ; |
| Volume number/sequential designation | 74 |
| 504 ## - BIBLIOGRAPHY, ETC. NOTE | |
| Bibliography, etc | Includes bibliographical references. |
| 505 0# - FORMATTED CONTENTS NOTE | |
| Title | TOC |
| Formatted contents note | Jonah's gourd vine -- Their eyes were watching God -- Moses, man of the mountain -- Seraph on the Suwanne -- Selected stories. |
| 526 ## - STUDY PROGRAM INFORMATION NOTE | |
| Program name | English |
| 590 ## - LOCAL NOTE (RLIN) | |
| Local note | Soikot Biswas |
| 650 #0 - SUBJECT ADDED ENTRY--TOPICAL TERM | |
| Topical term or geographic name as entry element | African Americans |
| Form subdivision | Fiction. |
| 9 (RLIN) | 13378 |
| 856 42 - ELECTRONIC LOCATION AND ACCESS | |
| Materials specified | WorldCat Details |
| Uniform Resource Identifier | https://www.worldcat.org/title/novels-and-stories/oclc/777010415&referer=brief_results |
| 942 ## - ADDED ENTRY ELEMENTS (KOHA) | |
| Source of classification or shelving scheme | Dewey Decimal Classification |
| Koha item type | Text |
| 953 ## - Fulltext in GSDL | |
| Is Fulltext Available in GSDL? | Not Avaialable |
| Withdrawn status | Lost status | Source of classification or shelving scheme | Damaged status | Not for loan | Collection code | Home library | Current library | Shelving location | Date acquired | Source of acquisition | Total Checkouts | Full call number | Barcode | Date last seen | Copy number | Price effective from | Koha item type |
|---|---|---|---|---|---|---|---|---|---|---|---|---|---|---|---|---|---|
| Dewey Decimal Classification | Not For Loan | Fiction | Dr. S. R. Lasker Library, EWU | Dr. S. R. Lasker Library, EWU | Reserve Section | 09/10/2018 | Other | 813.52 HUN 1995 | 29216 | 15/10/2018 | C-1 | 15/10/2018 | Text |